La Guerra a muerte: memoria sobre las últimas campañas de la Independencia de Chile, 1819-1824. Escrita sobre documentos enteramente inéditos i leída en la sesión solemne celebrada por la Universidad de Chile el 17 de setiembre de 1868, por B. Vicuña Mackenna, miembro de la Facultad de Humanidades
Saved in:
| Hovedforfatter: | |
|---|---|
| Format: | Bog |
| Sprog: | spansk |
| Udgivet: |
Santiago.
Imprenta Nacional.
1868.
|
| Fag: | |
| Tags: |
Tilføj Tag
Ingen Tags, Vær først til at tagge denne postø!
|
MARC
| LEADER | 00000nam a2200000 a 4500 | ||
|---|---|---|---|
| 001 | UCJ5735 | ||
| 003 | CL-VaPUC | ||
| 005 | 20250226123739.0 | ||
| 008 | 070124e18680700CL |||||||||||||||||spa|d | ||
| 999 | |c 321844 |d 321842 | ||
| 040 | |c Pontificia Universidad Católica de Valparaíso | ||
| 082 | 0 | 4 | |a 983 VIC 1868 |2 21 |
| 100 | |a Vicuña Mackenna, Benjamín, |d 1831-1886 |x Político e historiador |z Chile |9 374 | ||
| 245 | 1 | 3 | |a La Guerra a muerte: memoria sobre las últimas campañas de la Independencia de Chile, 1819-1824. Escrita sobre documentos enteramente inéditos i leída en la sesión solemne celebrada por la Universidad de Chile el 17 de setiembre de 1868, por B. Vicuña Mackenna, miembro de la Facultad de Humanidades |
| 260 | |a Santiago. |b Imprenta Nacional. |c 1868. | ||
| 300 | |a 562 páginas | ||
| 500 | |a Benelli, Bibliografía, Nº 47 | ||
| 583 | |a last modification |c 20070124 00:00:00 |k Rodrigo Vera | ||
| 600 | 0 | 7 | |a BENAVIDES, VICENTE |2 CL-VaPUC |9 444834 |
| 600 | 0 | 7 | |a PINCHEIRA, ANTONIO |2 CL-VaPUC |9 508395 |
| 600 | 0 | |a Freire, Ramón |9 443695 | |
| 600 | 0 | |a Cochrane, Thomas Alexander |9 438892 | |
| 600 | 0 | 7 | |a BEAUCHEF, JORJE |2 CL-VaPUC |9 511378 |
| 600 | 0 | 7 | |a VIEL, BENJAMIN |2 CL-VaPUC |9 511379 |
| 600 | 0 | 7 | |a VERDUGO, JOSE |2 CL-VaPUC |9 511380 |
| 600 | 0 | 7 | |a PICARTE, RAMON |2 CL-VaPUC |9 511381 |
| 600 | 0 | 7 | |a O'CARROL, CARLOS MARIA |2 CL-VaPUC |9 511382 |
| 600 | 0 | 7 | |a ZAÑARTU, MANUEL |2 CL-VaPUC |9 511383 |
| 600 | 0 | 7 | |a SALVO, DOMINGO |2 CL-VaPUC |9 511384 |
| 600 | 0 | 7 | |a LEIGHTON, TOMAS |2 CL-VaPUC |9 511385 |
| 650 | 0 | |a Guerra de la independencia |9 331979 | |
| 650 | 0 | |a Patria Vieja |9 380238 | |
| 650 | 7 | |a DOCUMENTOS HISTORICOS |2 CL-VaPUC |9 438868 | |
| 650 | 0 | |a Correspondencia |9 258963 | |
| 650 | 0 | |a Araucanos |9 314060 | |
| 650 | 0 | |a HISTORIA DE CHILE 1810-1822 |2 CL-VaPUC |9 443696 | |
| 942 | |c BK |2 ddc | ||
| 945 | |d 20070124 00:00:00 |a rinostro | ||
| 952 | |0 0 |1 0 |2 ddc |4 0 |6 983_000000000000000_VIC_1868 |7 0 |8 X |9 400707 |a FDOBUD |b FDOBUD |d 2019-11-22 |i 1038788 |o 983 VIC 1868 |p 1038788 |r 2019-11-22 |t 1 |w 2019-11-22 |y BK_X |k BUD | ||